00429nam a2200145 a 4500008004100000020002100041245005900062260004700121300002700168500002000195650004100215003000100256005001700257040000900274  a0443022984 (hbk)10aHypotensive Anaesthesia/c[Edited by] G. E. H. Enderby aNew York,:bChurchill Livingstone, c1985. a281 p.bill. ;c22 cm. aIncludes index. 1aAnessthesiavhypotension, controlled20230120203926.0 cNUST